[Event "12. Torneo de Promoción Almansa 2017 -B"]
[Site "Almansa ESP"]
[Date "2017.08.01"]
[Round "1.1"]
[White "Martinez Sanchez, Gregorio"]
[Black "Villodre Miranda, Juan Alonso"]
[Result "1/2-1/2"]
[WhiteElo "1982"]
[BlackElo "1608"]
[PlyCount "71"]
[EventDate "2017.08.01"]
[EventType "swiss"]
[EventRounds "9"]
[EventCountry "ESP"]
[SourceTitle "Ajedrez en Madrid"]
[Source "lmi"]
[SourceDate "2017.08.01"]
[SourceVersion "1"]
[SourceVersionDate "2017.08.11"]
[SourceQuality "1"]

1. e4 c5 2. Nf3 Nc6 3. Bb5 d6 4. O-O e5 5. c3 a6 6. Bxc6+ bxc6 7. d4 cxd4 8.
cxd4 Qc7 9. Qc2 Be7 10. b3 exd4 11. Bb2 Bf6 12. Nxd4 c5 13. Re1 Ne7 14. Nf5
Bxb2 15. Qxb2 Nxf5 16. exf5+ Kf8 17. f6 gxf6 18. Qxf6 Rg8 19. Qh6+ Rg7 20. Nd2
Bf5 21. Re3 Kg8 22. Rae1 Rf8 23. Qf6 Be6 24. Ne4 Rg6 25. Qf4 Qd8 26. Nxd6 Bxb3
27. Nb7 Qd5 28. Qe4 Qxe4 29. Rxe4 Bd5 30. Re7 Rxg2+ 31. Kf1 Rxh2 32. Nxc5 Bxa2
33. Nxa6 Bc4+ 34. Kg1 Rh6 35. Nc5 Kh8 36. f3 1/2-1/2

[Event "12. Torneo de Promoción Almansa 2017 -B"]
[Site "Almansa ESP"]
[Date "2017.08.01"]
[Round "1.2"]
[White "Vicente Navarro, Juan Manuel"]
[Black "Rodriguez Bittar, Karim Javier"]
[Result "0-1"]
[WhiteElo "1571"]
[BlackElo "1948"]
[PlyCount "88"]
[EventDate "2017.08.01"]
[EventType "swiss"]
[EventRounds "9"]
[EventCountry "ESP"]
[SourceTitle "Ajedrez en Madrid"]
[Source "lmi"]
[SourceDate "2017.08.01"]
[SourceVersion "1"]
[SourceVersionDate "2017.08.11"]
[SourceQuality "1"]

1. d4 Nf6 2. c4 e6 3. Nc3 Bb4 4. Qc2 d5 5. a3 Bxc3+ 6. Qxc3 Ne4 7. Qc2 O-O 8.
e3 b6 9. Nf3 Bb7 10. Bd3 Nd7 11. O-O f5 12. Ne5 Nxe5 13. dxe5 c5 14. f3 Ng5 15.
e4 fxe4 16. Bxg5 Qxg5 17. fxe4 d4 18. b4 Qxe5 19. bxc5 bxc5 20. Rab1 Bc6 21.
Qe2 Rxf1+ 22. Rxf1 Rf8 23. Rxf8+ Kxf8 24. Qf3+ Kg8 25. h3 Qg5 26. Kh2 e5 27.
Qf1 Qf4+ 28. g3 Qxf1 29. Bxf1 Bxe4 30. Kg1 Bc2 31. Kf2 e4 32. Ke1 e3 33. Ke2
Be4 34. h4 Kf7 35. Bh3 Kf6 36. Bc8 Ke5 37. Bd7 Bf5 38. Bc6 Bg4+ 39. Kd3 e2 40.
Kd2 d3 41. a4 a5 42. Bb7 Kd4 43. Bd5 e1=Q+ 44. Kxe1 Ke3 0-1

[Event "12. Torneo de Promoción Almansa 2017 -B"]
[Site "Almansa ESP"]
[Date "2017.08.01"]
[Round "1.3"]
[White "Jarque Megias, Juan Jose"]
[Black "Ayllon Soria, Jose Luis"]
[Result "1-0"]
[WhiteElo "1937"]
[BlackElo "1563"]
[PlyCount "43"]
[EventDate "2017.08.01"]
[EventType "swiss"]
[EventRounds "9"]
[EventCountry "ESP"]
[SourceTitle "Ajedrez en Madrid"]
[Source "lmi"]
[SourceDate "2017.08.01"]
[SourceVersion "1"]
[SourceVersionDate "2017.08.11"]
[SourceQuality "1"]

1. e4 e5 2. Nf3 Nc6 3. Bc4 Bc5 4. O-O Nf6 5. d3 d6 6. h3 h6 7. c3 O-O 8. d4 Bb6
9. Re1 Be6 10. d5 Na5 11. Bd3 Bd7 12. b4 Nc6 13. dxc6 bxc6 14. Nbd2 Qc8 15. Bf1
Nh5 16. Nc4 Nf4 17. Bxf4 exf4 18. a4 a6 19. Nxb6 cxb6 20. Qxd6 g5 21. Qxh6 g4
22. Ng5 1-0

[Event "12. Torneo de Promoción Almansa 2017 -B"]
[Site "Almansa ESP"]
[Date "2017.08.01"]
[Round "1.4"]
[White "Jimenez Garcia, Juan"]
[Black "Navarro Molina, Carmelo Jose"]
[Result "0-1"]
[WhiteElo "1557"]
[BlackElo "1928"]
[PlyCount "88"]
[EventDate "2017.08.01"]
[EventType "swiss"]
[EventRounds "9"]
[EventCountry "ESP"]
[SourceTitle "Ajedrez en Madrid"]
[Source "lmi"]
[SourceDate "2017.08.01"]
[SourceVersion "1"]
[SourceVersionDate "2017.08.11"]
[SourceQuality "1"]

1. e4 c5 2. Nf3 d6 3. c3 Nf6 4. h3 Nc6 5. Bd3 e5 6. Bc2 Be7 7. O-O O-O 8. d4
cxd4 9. cxd4 Qb6 10. dxe5 dxe5 11. Qe2 Rd8 12. Nc3 Be6 13. Rd1 Rxd1+ 14. Nxd1
Nd4 15. Nxd4 Qxd4 16. Nc3 Rd8 17. Be3 Qb4 18. Bd3 a6 19. a3 Qb3 20. Rd1 h6 21.
Qc2 Qxc2 22. Bxc2 Rc8 23. Bb1 Bxa3 24. Nd5 Bxd5 25. exd5 Bxb2 26. d6 Bd4 27.
Bxd4 exd4 28. Bf5 Rd8 29. Rxd4 g6 30. Bc2 Ne8 31. d7 Nf6 32. Rd6 Kg7 33. Ba4
Ne4 34. Rd4 Nc5 35. Bc2 Rxd7 36. Rc4 Ne6 37. Rb4 b5 38. Rb1 Nd4 39. Rd1 Ne2+
40. Kf1 Rxd1+ 41. Bxd1 Nc3 42. Bc2 Kf6 43. Ke1 Ke5 44. f3 g5 0-1

[Event "12. Torneo de Promoción Almansa 2017 -B"]
[Site "Almansa ESP"]
[Date "2017.08.01"]
[Round "1.5"]
[White "Rubio Cuartero, Javier"]
[Black "Moya Gonzalez, Francisco Javie"]
[Result "1/2-1/2"]
[WhiteElo "1697"]
[BlackElo "1196"]
[PlyCount "63"]
[EventDate "2017.08.01"]
[EventType "swiss"]
[EventRounds "9"]
[EventCountry "ESP"]
[SourceTitle "Ajedrez en Madrid"]
[Source "lmi"]
[SourceDate "2017.08.01"]
[SourceVersion "1"]
[SourceVersionDate "2017.08.11"]
[SourceQuality "1"]

1. c4 d6 2. d4 Nf6 3. Nc3 g6 4. Nf3 Bg7 5. g3 O-O 6. Bg2 c5 7. O-O cxd4 8. Nxd4
Qc7 9. Qd3 Nc6 10. Ncb5 Qd7 11. Nxc6 bxc6 12. Nd4 Bb7 13. e4 c5 14. Nb5 a6 15.
Nc3 Rab8 16. Rb1 Ng4 17. Bd2 Ne5 18. Qe2 Nc6 19. b3 Nd4 20. Qd3 f5 21. f3 fxe4
22. fxe4 Qg4 23. h3 Qd7 24. Rbe1 Rxf1+ 25. Rxf1 Rf8 26. Ne2 Rxf1+ 27. Kxf1 Qe6
28. Nxd4 Bxd4 29. Be3 Qf6+ 30. Ke2 Bxe3 31. Qxe3 Qb2+ 32. Qd2 1/2-1/2

[Event "12. Torneo de Promoción Almansa 2017 -B"]
[Site "Almansa ESP"]
[Date "2017.08.01"]
[Round "1.6"]
[White "Moya Albaladejo, Jose Antonio"]
[Black "Martinez Soriano, Javier"]
[Result "1/2-1/2"]
[WhiteElo "1925"]
[BlackElo "1530"]
[PlyCount "55"]
[EventDate "2017.08.01"]
[EventType "swiss"]
[EventRounds "9"]
[EventCountry "ESP"]
[SourceTitle "Ajedrez en Madrid"]
[Source "lmi"]
[SourceDate "2017.08.01"]
[SourceVersion "1"]
[SourceVersionDate "2017.08.11"]
[SourceQuality "1"]

1. e4 c5 2. Nf3 e6 3. g3 a6 4. Bg2 b5 5. O-O Bb7 6. Re1 d6 7. c3 Be7 8. a4 Nd7
9. d4 Ngf6 10. Nbd2 O-O 11. e5 dxe5 12. dxe5 Nd5 13. Qe2 c4 14. Nd4 Qb6 15. Qg4
Kh8 16. N2f3 Nc5 17. axb5 axb5 18. Rxa8 Bxa8 19. Bg5 Bxg5 20. Nxg5 h6 21. Qh5
Kg8 22. Ne4 Nd3 23. Ra1 Bb7 24. Nd6 b4 25. Nxc4 Qc5 26. Nd6 bxc3 27. bxc3 Qxc3
28. Rf1 1/2-1/2

[Event "12. Torneo de Promoción Almansa 2017 -B"]
[Site "Almansa ESP"]
[Date "2017.08.01"]
[Round "1.7"]
[White "Molla Gil, Pablo"]
[Black "Lopez Escribano, Andrea"]
[Result "1/2-1/2"]
[WhiteElo "1882"]
[BlackElo "1504"]
[PlyCount "139"]
[EventDate "2017.08.01"]
[EventType "swiss"]
[EventRounds "9"]
[EventCountry "ESP"]
[SourceTitle "Ajedrez en Madrid"]
[Source "lmi"]
[SourceDate "2017.08.01"]
[SourceVersion "1"]
[SourceVersionDate "2017.08.11"]
[SourceQuality "1"]

1. e3 d5 2. c4 c6 3. Nc3 e6 4. Nf3 Nf6 5. d4 Nbd7 6. Bd3 dxc4 7. Bxc4 b5 8. Bd3
a6 9. O-O c5 10. e4 cxd4 11. Nxd4 Nc5 12. Bc2 Bb7 13. f3 Ncxe4 14. Bxe4 Nxe4
15. fxe4 Bc5 16. Be3 e5 17. Nf5 Bxe3+ 18. Nxe3 Qg5 19. Qf3 O-O 20. Ncd5 Rad8
21. Rac1 f5 22. Rc7 Rf7 23. Rxf7 Kxf7 24. Qxf5+ Qxf5 25. Rxf5+ Ke6 26. Ng4 Rxd5
27. Rg5 Rd1+ 28. Kf2 Rd2+ 29. Kf3 g6 30. Rxe5+ Kd6 31. Re8 Rxb2 32. Rd8+ Kc7
33. Rh8 Rxa2 34. Rxh7+ Kb8 35. Rg7 Ra4 36. Nf2 b4 37. Rxg6 Ka7 38. Ke3 b3 39.
Kd3 Ra2 40. Rf6 a5 41. e5 Bxg2 42. e6 a4 43. e7 Bf1+ 44. Kc3 Bb5 45. Nd1 Rxh2
46. Re6 Be8 47. Re1 Rc2+ 48. Kd3 a3 49. Ne3 Rc7 50. Nd5 Rc2 51. Nb4 Bb5+ 52.
Ke3 Rc6 53. Kd2 Rc4 54. e8=Q Bxe8 55. Re7+ Kb6 56. Rxe8 Rxb4 57. Kc3 a2 58.
Rb8+ Kc5 59. Rc8+ Kd6 60. Kb2 Ra4 61. Rc1 Kd5 62. Rh1 Ra8 63. Rh5+ Ke4 64. Rh4+
Kf3 65. Rh1 Rb8 66. Re1 Ra8 67. Ra1 Ke2 68. Kxb3 Kd3 69. Rd1+ Ke2 70. Ra1
1/2-1/2

[Event "12. Torneo de Promoción Almansa 2017 -B"]
[Site "Almansa ESP"]
[Date "2017.08.01"]
[Round "1.8"]
[White "Torres Janer, Marc"]
[Black "Hernandez Torralba, Sergio"]
[Result "0-1"]
[WhiteElo "1503"]
[BlackElo "1870"]
[PlyCount "34"]
[EventDate "2017.08.01"]
[EventType "swiss"]
[EventRounds "9"]
[EventCountry "ESP"]
[SourceTitle "Ajedrez en Madrid"]
[Source "lmi"]
[SourceDate "2017.08.01"]
[SourceVersion "1"]
[SourceVersionDate "2017.08.11"]
[SourceQuality "1"]

1. e4 c5 2. Nf3 d6 3. d4 cxd4 4. Nxd4 Nf6 5. Nc3 g6 6. Be3 Bg7 7. f3 O-O 8. Qd2
Nc6 9. a3 Bd7 10. Bc4 Rc8 11. Ba2 Ne5 12. h3 Nc4 13. Bxc4 Rxc4 14. O-O a6 15.
b3 Rc8 16. Nce2 b5 17. Kh1 e5 0-1

[Event "12. Torneo de Promoción Almansa 2017 -B"]
[Site "Almansa ESP"]
[Date "2017.08.01"]
[Round "1.9"]
[White "Ramirez Sanchez, Nicolas"]
[Black "Castelli, Facundo"]
[Result "1-0"]
[WhiteElo "1405"]
[BlackElo "1867"]
[PlyCount "137"]
[EventDate "2017.08.01"]
[EventType "swiss"]
[EventRounds "9"]
[EventCountry "ESP"]
[SourceTitle "Ajedrez en Madrid"]
[Source "lmi"]
[SourceDate "2017.08.01"]
[SourceVersion "1"]
[SourceVersionDate "2017.08.11"]
[SourceQuality "1"]

1. e4 e5 2. Nf3 Nc6 3. d4 exd4 4. Bc4 d6 5. Nxd4 Nf6 6. Nc3 Be7 7. Bb3 Bd7 8.
O-O O-O 9. Bf4 Re8 10. Re1 Na5 11. Nf3 Nxb3 12. axb3 Bg4 13. Qd3 Nh5 14. Bg3
Nxg3 15. fxg3 Bf6 16. Rab1 c6 17. Kh1 Qa5 18. Ra1 Qc7 19. Nd2 b5 20. Rab1 Rad8
21. h3 Bc8 22. Nd1 Be5 23. g4 Qe7 24. Nf3 Qf6 25. Nxe5 dxe5 26. Qf3 Rd2 27.
Qxf6 gxf6 28. c3 Red8 29. Kg1 c5 30. Ne3 Bb7 31. Nf1 R2d3 32. Kf2 Kg7 33. Re3
Kg6 34. Ke2 R3d6 35. Rc1 h5 36. gxh5+ Kxh5 37. Ng3+ Kg6 38. Nf1 f5 39. exf5+
Kxf5 40. Kf2 a6 41. Rce1 f6 42. Ng3+ Ke6 43. Ne4 Bxe4 44. Rxe4 Rd2+ 45. R4e2
Rxe2+ 46. Kxe2 f5 47. Ra1 Rd6 48. g3 e4 49. Rd1 Rb6 50. h4 Ke5 51. Rh1 Rg6 52.
Rh3 Rd6 53. h5 Rh6 54. Ke3 a5 55. Rh4 Rd6 56. h6 Rd3+ 57. Ke2 Rd8 58. h7 Rh8
59. Ke3 Kf6 60. Kf4 Kg6 61. g4 fxg4 62. Kxg4 e3 63. Kf3 e2 64. Kxe2 Rxh7 65.
Rxh7 Kxh7 66. Ke3 Kg6 67. Ke4 Kf6 68. Kd5 c4 69. bxc4 1-0

[Event "12. Torneo de Promoción Almansa 2017 -B"]
[Site "Almansa ESP"]
[Date "2017.08.01"]
[Round "1.10"]
[White "Burgos Olmos, Mario"]
[Black "Gabaldon Martinez, Blanca"]
[Result "1-0"]
[WhiteElo "1860"]
[BlackElo "1393"]
[PlyCount "63"]
[EventDate "2017.08.01"]
[EventType "swiss"]
[EventRounds "9"]
[EventCountry "ESP"]
[SourceTitle "Ajedrez en Madrid"]
[Source "lmi"]
[SourceDate "2017.08.01"]
[SourceVersion "1"]
[SourceVersionDate "2017.08.11"]
[SourceQuality "1"]

1. Nf3 d5 2. g3 Nf6 3. Bg2 g6 4. O-O Bg7 5. d3 O-O 6. Nbd2 Nc6 7. e4 e5 8. Re1
Bg4 9. h3 Bxf3 10. Bxf3 Re8 11. Bg2 Ne7 12. c3 c5 13. exd5 Nexd5 14. Nc4 Qc7
15. a4 Rad8 16. Qc2 b6 17. Bd2 Nh5 18. Bf3 Qd7 19. Bg4 f5 20. Bxh5 gxh5 21. Bg5
Rc8 22. Qe2 Re6 23. Qxh5 Rg6 24. Nxe5 Bxe5 25. Rxe5 Rf8 26. Rae1 f4 27. g4 f3
28. c4 Nf4 29. Bxf4 Rxf4 30. Re7 Rfxg4+ 31. hxg4 Rxg4+ 32. Kh1 1-0

[Event "12. Torneo de Promoción Almansa 2017 -B"]
[Site "Almansa ESP"]
[Date "2017.08.02"]
[Round "2.1"]
[White "Castillo Garcia, Adrian"]
[Black "Losa Ordonez, Juan Jose"]
[Result "1-0"]
[WhiteElo "1967"]
[BlackElo "1749"]
[PlyCount "65"]
[EventDate "2017.08.01"]
[EventType "swiss"]
[EventRounds "9"]
[EventCountry "ESP"]
[SourceTitle "Ajedrez en Madrid"]
[Source "lmi"]
[SourceDate "2017.08.01"]
[SourceVersion "1"]
[SourceVersionDate "2017.08.11"]
[SourceQuality "1"]

1. e4 e6 2. d4 d5 3. Bd3 Nf6 4. e5 Nfd7 5. f4 c5 6. c3 Nc6 7. Nf3 a6 8. O-O Be7
9. Kh1 cxd4 10. cxd4 Qb6 11. Bc2 f5 12. Nc3 Qc7 13. g4 fxg4 14. Ng5 Nf8 15. f5
h6 16. Nxe6 Nxe6 17. Nxd5 Qd8 18. Nxe7 Kxe7 19. d5 Nxe5 20. fxe6 Rf8 21. Bf4
Nc4 22. Qd4 Bxe6 23. Rae1 Rf6 24. Qxc4 Rc8 25. Qb4+ Ke8 26. Bb3 g5 27. dxe6 b5
28. Be5 Rc4 29. Bxc4 Qa8+ 30. Kg1 Qa7+ 31. Kg2 Qb7+ 32. Kg3 Rf3+ 33. Kxg4 1-0

[Event "12. Torneo de Promoción Almansa 2017 -B"]
[Site "Almansa ESP"]
[Date "2017.08.02"]
[Round "2.2"]
[White "Plata Fernandez, Diego"]
[Black "Perez Garcia, Jose Miguel"]
[Result "0-1"]
[WhiteElo "1769"]
[BlackElo "1956"]
[PlyCount "72"]
[EventDate "2017.08.01"]
[EventType "swiss"]
[EventRounds "9"]
[EventCountry "ESP"]
[SourceTitle "Ajedrez en Madrid"]
[Source "lmi"]
[SourceDate "2017.08.01"]
[SourceVersion "1"]
[SourceVersionDate "2017.08.11"]
[SourceQuality "1"]

1. Nc3 Nf6 2. e4 d5 3. exd5 Nxd5 4. Qf3 c6 5. Bc4 e6 6. a3 Nd7 7. d4 N7f6 8.
Bg5 Qa5 9. Nge2 Nxc3 10. Nxc3 Qxg5 11. Rd1 Qg4 12. Qxg4 Nxg4 13. d5 cxd5 14.
Bb5+ Bd7 15. Bxd7+ Kxd7 16. O-O Bd6 17. Rd4 h5 18. h3 Nxf2 19. Rxf2 Bc5 20.
Rxf7+ Ke8 21. Rff4 g5 22. Na4 Bxd4+ 23. Rxd4 Rc8 24. Rb4 b6 25. Nc3 Rc4 26.
Rxc4 dxc4 27. Nb5 Ke7 28. Nxa7 Kf6 29. Kf2 c3 30. b4 Rd8 31. Ke3 Rd2 32. g4 h4
33. Nc8 Rxc2 34. Nxb6 Rh2 35. Nd7+ Ke7 36. Ne5 c2 0-1

[Event "12. Torneo de Promoción Almansa 2017 -B"]
[Site "Almansa ESP"]
[Date "2017.08.02"]
[Round "2.3"]
[White "Rodriguez Bittar, Karim Javier"]
[Black "Izquierdo Lavado, Mario"]
[Result "1-0"]
[WhiteElo "1948"]
[BlackElo "1711"]
[PlyCount "99"]
[EventDate "2017.08.01"]
[EventType "swiss"]
[EventRounds "9"]
[EventCountry "ESP"]
[SourceTitle "Ajedrez en Madrid"]
[Source "lmi"]
[SourceDate "2017.08.01"]
[SourceVersion "1"]
[SourceVersionDate "2017.08.11"]
[SourceQuality "1"]

1. d4 d5 2. Nf3 Nf6 3. Bg5 e6 4. e3 Be7 5. Bd3 Nbd7 6. Nbd2 c5 7. c3 b6 8. Ne5
Bb7 9. f4 Ne4 10. Nxe4 Nxe5 11. Bb5+ Nc6 12. Qa4 Qc7 13. Nd2 a6 14. Bxc6+ Bxc6
15. Qd1 f6 16. Bh4 O-O 17. O-O e5 18. fxe5 fxe5 19. Bxe7 Qxe7 20. Rxf8+ Rxf8
21. Nf3 exd4 22. exd4 Qe3+ 23. Kh1 Bb5 24. dxc5 Qxc5 25. Qd2 Bc6 26. Qd4 Re8
27. Re1 Rxe1+ 28. Nxe1 Qxd4 29. cxd4 Bb5 30. Kg1 Kf7 31. Kf2 Kf6 32. Nc2 a5 33.
Kf3 Bd3 34. Ne3 Ke6 35. Kf4 h6 36. h4 Be4 37. g4 Bb1 38. a3 Bd3 39. Nf5 Kf6 40.
g5+ hxg5+ 41. hxg5+ Kf7 42. Nd6+ Ke6 43. Ne8 g6 44. Nf6 Bc2 45. Ng4 Bf5 46. Ne3
Bd3 47. Nd1 Bc2 48. Nc3 Bd3 49. Na4 b5 50. Nc5+ 1-0

[Event "12. Torneo de Promoción Almansa 2017 -B"]
[Site "Almansa ESP"]
[Date "2017.08.02"]
[Round "2.4"]
[White "Sabater Hernandez, Fernando"]
[Black "Jarque Megias, Juan Jose"]
[Result "0-1"]
[WhiteElo "1741"]
[BlackElo "1937"]
[PlyCount "70"]
[EventDate "2017.08.01"]
[EventType "swiss"]
[EventRounds "9"]
[EventCountry "ESP"]
[SourceTitle "Ajedrez en Madrid"]
[Source "lmi"]
[SourceDate "2017.08.01"]
[SourceVersion "1"]
[SourceVersionDate "2017.08.11"]
[SourceQuality "1"]

1. e4 c5 2. Nf3 d6 3. d3 Nf6 4. g3 g6 5. Bg2 Bg7 6. O-O O-O 7. Nbd2 Nc6 8. c3
Nd7 9. a4 a6 10. Nc4 Rb8 11. Ne3 b5 12. axb5 axb5 13. Nh4 b4 14. Bd2 bxc3 15.
bxc3 Na5 16. Rb1 Rxb1 17. Qxb1 Ba6 18. f4 c4 19. Qa2 Nc5 20. d4 Ncb3 21. Rb1 e5
22. Nf3 exd4 23. cxd4 Nxd2 24. Qxd2 Nb3 25. Qc3 Qc8 26. Nd5 Re8 27. e5 Qd7 28.
Nd2 dxe5 29. dxe5 Nxd2 30. Qxd2 Rd8 31. Qb4 h6 32. Qb6 Bc8 33. Kh1 Kh8 34. Rd1
Bb7 35. Ne3 Qxd1+ 0-1

[Event "12. Torneo de Promoción Almansa 2017 -B"]
[Site "Almansa ESP"]
[Date "2017.08.02"]
[Round "2.5"]
[White "Portero Bravo, Aitana"]
[Black "Moya Albaladejo, Jose Antonio"]
[Result "0-1"]
[WhiteElo "1446"]
[BlackElo "1925"]
[PlyCount "78"]
[EventDate "2017.08.01"]
[EventType "swiss"]
[EventRounds "9"]
[EventCountry "ESP"]
[SourceTitle "Ajedrez en Madrid"]
[Source "lmi"]
[SourceDate "2017.08.01"]
[SourceVersion "1"]
[SourceVersionDate "2017.08.11"]
[SourceQuality "1"]

1. e4 e5 2. Nf3 Nc6 3. Bb5 a6 4. Ba4 Nf6 5. O-O Be7 6. Re1 b5 7. Bb3 O-O 8. c3
d5 9. exd5 Nxd5 10. Nxe5 Nxe5 11. Rxe5 c6 12. d3 Bd6 13. Re1 Qh4 14. g3 Qh3 15.
Re4 Qf5 16. Nd2 Qg6 17. Nf1 Bf5 18. Bxd5 cxd5 19. Rd4 Rad8 20. Ne3 Bc8 21. Nxd5
Rfe8 22. Nf4 Qf6 23. Be3 Bb7 24. Qg4 Bf8 25. Rxd8 Rxd8 26. d4 b4 27. c4 Qc6 28.
Nd5 Qxc4 29. Nf6+ Kh8 30. b3 Qc6 31. d5 Qxf6 32. Bd4 Qg6 33. Qh4 Rxd5 34. Rf1
Qc6 35. f3 Rxd4 36. Qg5 Rd3 37. Kg2 h6 38. Qh4 Rd2+ 39. Kg1 Bc5+ 0-1

[Event "12. Torneo de Promoción Almansa 2017 -B"]
[Site "Almansa ESP"]
[Date "2017.08.02"]
[Round "2.6"]
[White "Navarro Molina, Carmelo Jose"]
[Black "Jimenez Manuel, Juan Jose"]
[Result "1/2-1/2"]
[WhiteElo "1928"]
[BlackElo "1674"]
[PlyCount "96"]
[EventDate "2017.08.01"]
[EventType "swiss"]
[EventRounds "9"]
[EventCountry "ESP"]
[SourceTitle "Ajedrez en Madrid"]
[Source "lmi"]
[SourceDate "2017.08.01"]
[SourceVersion "1"]
[SourceVersionDate "2017.08.11"]
[SourceQuality "1"]

1. d4 Nf6 2. c4 g6 3. g3 Bg7 4. Bg2 O-O 5. Nc3 d6 6. Nf3 Nc6 7. O-O a6 8. h3
Rb8 9. a4 Na5 10. b3 Bd7 11. Bb2 c5 12. dxc5 dxc5 13. Ne5 Bc6 14. Qc2 Qb6 15.
Rab1 Qxb3 16. Qxb3 Nxb3 17. Rfd1 Bxg2 18. Kxg2 Rfd8 19. Rxd8+ Rxd8 20. Ba3 Na5
21. Bxc5 Nd7 22. Bb4 Nc6 23. Nxc6 bxc6 24. Ba5 Rb8 25. Rxb8+ Nxb8 26. Ne4 Nd7
27. Bc7 h6 28. g4 Bd4 29. a5 Kf8 30. e3 Bc5 31. Nxc5 Nxc5 32. Bb6 Nb7 33. c5
Ke8 34. e4 Kd7 35. f4 Ke6 36. Kf3 Kf6 37. e5+ Ke6 38. Ke4 f5+ 39. exf6 exf6 40.
f5+ gxf5+ 41. gxf5+ Kf7 42. Kd4 Kg7 43. h4 h5 44. Kc4 Kf7 45. Kb4 Ke8 46. Kc4
Kd7 47. Kd4 Nd8 48. Bxd8 Kxd8 1/2-1/2

[Event "12. Torneo de Promoción Almansa 2017 -B"]
[Site "Almansa ESP"]
[Date "2017.08.02"]
[Round "2.7"]
[White "Amoros Moran, Jose Joaquin"]
[Black "Navio Lopez, Manuel"]
[Result "1/2-1/2"]
[WhiteElo "1900"]
[BlackElo "1667"]
[PlyCount "56"]
[EventDate "2017.08.01"]
[EventType "swiss"]
[EventRounds "9"]
[EventCountry "ESP"]
[SourceTitle "Ajedrez en Madrid"]
[Source "lmi"]
[SourceDate "2017.08.01"]
[SourceVersion "1"]
[SourceVersionDate "2017.08.11"]
[SourceQuality "1"]

1. e4 e6 2. d4 d5 3. e5 c5 4. c3 Nc6 5. Nf3 Qb6 6. a3 c4 7. Nbd2 Na5 8. Rb1 Bd7
9. Be2 O-O-O 10. O-O Nh6 11. Re1 f5 12. exf6 gxf6 13. b3 cxb3 14. c4 Ba4 15.
Bd3 Qc6 16. Qe2 Re8 17. cxd5 exd5 18. Qxe8+ Qxe8 19. Rxe8+ Bxe8 20. Nxb3 Nc4
21. Nc5 b6 22. Ne6 Nf7 23. Nd2 Nxd2 24. Ba6+ Kd7 25. Nxf8+ Rxf8 26. Bxd2 Nd6
27. Rc1 Bf7 28. Bb4 Re8 1/2-1/2

[Event "12. Torneo de Promoción Almansa 2017 -B"]
[Site "Almansa ESP"]
[Date "2017.08.02"]
[Round "2.8"]
[White "Pujante Martinez, Rafael"]
[Black "Lagunas Gualda, Guillermo"]
[Result "1/2-1/2"]
[WhiteElo "1707"]
[BlackElo "1874"]
[PlyCount "110"]
[EventDate "2017.08.01"]
[EventType "swiss"]
[EventRounds "9"]
[EventCountry "ESP"]
[SourceTitle "Ajedrez en Madrid"]
[Source "lmi"]
[SourceDate "2017.08.01"]
[SourceVersion "1"]
[SourceVersionDate "2017.08.11"]
[SourceQuality "1"]

1. e4 d6 2. d4 g6 3. Be3 Bg7 4. Nc3 a6 5. Qd2 Nd7 6. f3 b5 7. h4 Ngf6 8. Bh6
Bxh6 9. Qxh6 c5 10. d5 Qa5 11. Qd2 h5 12. Nd1 Qxd2+ 13. Kxd2 e6 14. dxe6 fxe6
15. Nh3 O-O 16. c4 bxc4 17. Bxc4 Ne5 18. Ne3 d5 19. exd5 exd5 20. Be2 Bd7 21.
Rac1 Bxh3 22. Rxh3 Rfc8 23. Rg3 Kh7 24. Ke1 Re8 25. Kd2 Rab8 26. b3 c4 27. bxc4
Rb2+ 28. Rc2 Nxc4+ 29. Bxc4 Rxc2+ 30. Kxc2 dxc4 31. Nxc4 Nd5 32. Rg5 Nf4 33. g3
Rc8 34. Kb3 Ne2 35. Ne5 Nd4+ 36. Kb2 Rg8 37. g4 Ne6 38. gxh5 Rb8+ 39. Kc3 Nxg5
40. hxg6+ Kg7 41. hxg5 Rd8 42. Kc4 Rd2 43. a4 Rg2 44. f4 Ra2 45. Kb4 Rf2 46.
Nd3 Rd2 47. Nc5 Rd4+ 48. Ka5 Rc4 49. Kb6 Kxg6 50. a5 Rxf4 51. Kxa6 Rd4 52. Ka7
Kxg5 53. a6 Rd1 54. Nb7 Ra1 55. Kb6 Rxa6+ 1/2-1/2

[Event "12. Torneo de Promoción Almansa 2017 -B"]
[Site "Almansa ESP"]
[Date "2017.08.02"]
[Round "2.9"]
[White "Carrasco Rubio, David"]
[Black "Burgos Olmos, Mario"]
[Result "1/2-1/2"]
[WhiteElo "1696"]
[BlackElo "1860"]
[PlyCount "96"]
[EventDate "2017.08.01"]
[EventType "swiss"]
[EventRounds "9"]
[EventCountry "ESP"]
[SourceTitle "Ajedrez en Madrid"]
[Source "lmi"]
[SourceDate "2017.08.01"]
[SourceVersion "1"]
[SourceVersionDate "2017.08.11"]
[SourceQuality "1"]

1. e4 c5 2. Nf3 d6 3. d4 cxd4 4. Nxd4 Nf6 5. Nc3 a6 6. Be3 e5 7. Nb3 Be6 8. Be2
Be7 9. O-O O-O 10. Qd2 Nbd7 11. Rfd1 Rc8 12. f3 b5 13. a3 Qc7 14. Rac1 Nb6 15.
Bg5 Rfd8 16. Bxf6 Bxf6 17. Nd5 Bxd5 18. exd5 h6 19. g3 Bg5 20. f4 exf4 21. gxf4
Bf6 22. Bg4 Bxb2 23. Rb1 Bc3 24. Qg2 Ra8 25. Rd3 Bf6 26. Kh1 Kh8 27. Rg1 Rg8
28. Rh3 Qc4 29. f5 Rae8 30. Bh5 Qe4 31. Bxf7 Qxg2+ 32. Kxg2 Re2+ 33. Kf3 Rxc2
34. Rxh6+ gxh6 35. Rxg8+ Kh7 36. Rg6 Rc3+ 37. Ke4 Rxb3 38. Rxf6 Nc4 39. Bg6+
Kg7 40. Rf7+ Kg8 41. f6 Re3+ 42. Kf5 Re5+ 43. Kf4 Rg5 44. Rg7+ Kf8 45. h4 Rg1
46. Rf7+ Kg8 47. Rg7+ Kf8 48. Rf7+ Kg8 1/2-1/2

[Event "12. Torneo de Promoción Almansa 2017 -B"]
[Site "Almansa ESP"]
[Date "2017.08.02"]
[Round "2.10"]
[White "Leone, Clarissa"]
[Black "Martinez Hernandez, Paula"]
[Result "0-1"]
[WhiteElo "1669"]
[BlackElo "1805"]
[PlyCount "86"]
[EventDate "2017.08.01"]
[EventType "swiss"]
[EventRounds "9"]
[EventCountry "ESP"]
[SourceTitle "Ajedrez en Madrid"]
[Source "lmi"]
[SourceDate "2017.08.01"]
[SourceVersion "1"]
[SourceVersionDate "2017.08.11"]
[SourceQuality "1"]

1. d4 f5 2. c4 Nf6 3. Nc3 g6 4. Bf4 d6 5. e3 Bg7 6. Nf3 O-O 7. Be2 c6 8. Qc2
Qe8 9. O-O Nbd7 10. h3 e5 11. dxe5 dxe5 12. Bh2 h6 13. Rad1 Nh5 14. Nh4 Bf6 15.
Nxf5 gxf5 16. Qxf5 Ng7 17. Qc2 Nc5 18. b4 Nce6 19. Ne4 Ng5 20. Nd6 Qe7 21. Qg6
Nf7 22. c5 Nxd6 23. cxd6 Qf7 24. Qc2 Bf5 25. e4 Be6 26. f4 exf4 27. Bxf4 Qg6
28. Bc4 Bg5 29. Bxg5 hxg5 30. d7 Rxf1+ 31. Kxf1 Rd8 32. Rd6 Qf7+ 33. Kg1 Bxc4
34. Qc1 Be6 35. Qxg5 Rxd7 36. e5 Rxd6 37. exd6 Qd7 38. Qe5 Nf5 39. Qf6 Qxd6 40.
Qg6+ Ng7 41. h4 Qd4+ 42. Kh1 Qxh4+ 43. Kg1 Qe1+ 0-1